[Event "GER-ch U10"]
[Site "Willingen"]
[Date "2023.06.02"]
[Round "9"]
[White "Ishcenko, Volodymyr"]
[Black "Serwane, Ruben"]
[Result "0-1"]
[WhiteElo "1220"]
[BlackElo "1489"]
[PlyCount "68"]
[EventDate "2023.05.27"]
[EventType "swiss"]
[EventRounds "11"]
[EventCountry "GER"]
[SourceTitle "CBM 214 Extra"]
[Source "ChessBase"]
[SourceDate "2023.07.31"]
[SourceVersion "1"]
[SourceVersionDate "2023.07.31"]
[SourceQuality "1"]

1. e4 e5 2. Nf3 Nc6 3. d4 exd4 4. Nxd4 Bc5 5. Nb3 Bb6 6. Nc3 a5 7. a4 Nb4 8. Bc4 h6 9. 0-0 d6 10. Nb5 Nf6 11. c3 Nc6 12. Qe2 Ne5 13. Bd3 Bg4 14. Qc2 Qd7 15. Be2 Bh3 16. gxh3 Qxh3 17. Bf4 g5 18. Bxe5 dxe5 19. Qd3 Qh4 20. Qg3 Rg8 21. Qxe5+ Kf8 22. Qxf6 Rg6 23. Qf3 g4 24. Qg3 Qf6 25. Nxc7 h5 26. Nb5 Rd8 27. Rad1 h4 28. Rxd8+ Qxd8 29. Qd3 Qe7 30. Rd1 g3 31. hxg3 hxg3 32. N3d4 Qh4 33. Bf3 Qh2+ 34. Kf1 Qxf2# 0-1